| 000 | 01057 a2200169 4500 | ||
|---|---|---|---|
| 003 | NUST | ||
| 005 | 20230120182512.0 | ||
| 040 | _cNust | ||
| 082 | _a747.3,CAB | ||
| 100 |
_aBros, Evans _9107301 |
||
| 245 |
_aCabinet construction: _bthe woodworker Series / |
||
| 260 |
_aLondon _bEvans Brothers , Limited _c1963 |
||
| 300 | _a216 p,; | ||
| 505 | _aJoints in Carcase Work (Page-1), Cabinet and Table Tops (Page-24), Table and Chair Legs (Page-31), Cabinet Doors (Page-45), Barred Doors and Leaded Lights (Page-59), How to make Drawers (Page-66), Drawer Ralls and Runners (Page-78), How To Fit Cornices and Cappings (Page-85), Shapings in Cabinet Work (Page-99), Facing, Lining, and Lipping (Page-110), Rule Joint for Drop Leaves (Page-117), Inlaid Strings and Bandings (Page-124), Metal Fittings on Furniture (Page-137), Cabinet Backs and Back Framing (Page-149), Setting-out Boards (Page-167), Veneering (Page-171), Examples of Period Furniture and Metal Work-Twenty-Four Plates (Page-189). | ||
| 650 |
_aWoodworker _9107302 |
||
| 942 |
_2ddc _cBK _k747.3,CAB |
||
| 999 |
_c190869 _d190869 |
||